|
|
|
|
| LEADER |
00000nkm a2200000 a 4500 |
| 001 |
vtls010862171 |
| 003 |
SK-MaSNL |
| 005 |
20260512125644.0 |
| 007 |
kp bo |
| 008 |
231214q1919 xr g 00 kucze |
| 015 |
|
|
|a SNBG
|
| 035 |
|
|
|a 2B234FFB-0B78-4FFE-A41D-12449BAE0A92
|
| 035 |
|
|
|a urn:nbn:sk:snk-kmxzz6
|
| 035 |
|
|
|a urn:nbn:sk:snk-km007c92
|
| 040 |
|
|
|a SNK
|b slo
|c SNK
|e AACR2
|
| 041 |
0 |
|
|a cze
|
| 043 |
|
|
|a e-xo---
|
| 044 |
|
|
|a xr
|c CZ
|
| 080 |
|
|
|a 636.32/.38
|2 2001
|
| 080 |
|
|
|a 913(437.6)
|2 2001
|
| 080 |
|
|
|a (084.121)
|2 2001
|
| 245 |
0 |
0 |
|a Košiar s ovcemi u Štrby
|h grafika
|
| 260 |
|
|
|a Praha
|b Foto-Fon
|c [medzi 1919 a 1951?]
|
| 300 |
|
|
|a 1 pohľadnica
|b čiernobiela
|c 9 x 14 cm
|
| 650 |
0 |
7 |
|a salašníctvo
|2 SNKPH
|9 75877
|
| 651 |
|
7 |
|a Štrba (Slovensko)
|2 SNKPH
|9 56257
|
| 655 |
|
7 |
|a miestne pohľadnice
|2 SNKPH
|9 70510
|
| 852 |
|
|
|a Slovenská národná knižnica
|
| 958 |
|
|
|a OND
|
| 958 |
|
|
|a GBN
|
| 958 |
|
|
|a GC
|
| 958 |
|
|
|a EUIPO
|
| 999 |
|
|
|c 1099862
|d 1101792
|
| 952 |
|
|
|a SNK
|b SNK
|y PREZ
|7 0
|p 17A1164148
|o snkSP 4389
|0 0
|1 0
|4 0
|d 2015-08-20
|f 1
|l 0
|r 2026-02-24 17:27:05
|w 2026-02-24
|